[Event "Arctic Chess Challenge 2009"]
[Site "Scandic Tromsø"]
[Date "2009.08.01"]
[Round "1"]
[White "De Beer, Leon"]
[Black "Poobalasingam, Peter S"]
[Result "0-1"]
[WhiteElo "1431"]
[BlackElo "2224"]

1. d4 Nf6 2. Nf3 g6 3. Nc3 d5 4. Bf4 Bg7 5. Qd2 h6 6. h4 a6 7. g3 Bf5 8. Bg2
Nbd7 9. Ne5 Nf8 10. g4 Bxg4 11. Nxg4 Nxg4 12. Nxd5 Ne6 13. e3 c6 14. Nb4 Nxf4
15. exf4 Qxd4 16. Nxc6 Qc5 17. O-O-O O-O 18. Nd4 Rad8 19. Ne6 fxe6 20. Qxd8
Rxd8 21. Rxd8+ Kf7 22. Bxb7 Qb6 
0-1

[Event "Arctic Chess Challenge 2009"]
[Site "Scandic Tromsø"]
[Date "2009.08.01"]
[Round "1"]
[White "Kvisla, Johannes Luangtep"]
[Black "Brokvam, Roy"]
[Result "1-0"]
[WhiteElo "2222"]
[BlackElo "1401"]
[PlyCount "115"]
[EventDate "2009.??.??"]

1. d4 Nf6 2. Nf3 d5 3. c4 g6 4. Nc3 Bg7 5. e3 O-O 6. b4 b6 7. Qb3 Bb7 8. cxd5
Nxd5 9. Nxd5 Bxd5 10. Bc4 e6 11. Bb2 Nc6 12. Bxd5 Qxd5 13. Qxd5 exd5 14. b5 Na5
15. Nd2 Rac8 16. Bc3 Nb7 17. O-O c5 18. bxc6 Rxc6 19. Rac1 Rfc8 20. Bb2 Rc2 21.
Ba3 Nd6 22. Rxc2 Rxc2 23. Bxd6 Rxd2 24. Rc1 Bf8 25. Be5 Rxa2 26. g4 f5 27. Rc8
Kf7 28. Rc7+ Kg8 29. gxf5 gxf5 30. Rd7 b5 31. Rxd5 b4 32. Rb5 a5 33. d5 a4 34.
d6 Rd2 35. Rxb4 Bxd6 36. Bxd6 Rxd6 37. Rxa4 Kg7 38. Kg2 Kg6 39. Ra7 h6 40. Kf3
Re6 41. Ra4 Rf6 42. Kf4 Kh5 43. Ke5 Rg6 44. Rf4 Ra6 45. Rxf5+ Kg6 46. Rf4 Ra5+
47. Ke4 Kg5 48. Kf3 Ra3 49. Rb4 Kf5 50. Rb5+ Kg6 51. h4 Ra4 52. e4 h5 53. Rb6+
Kg7 54. Kf4 Ra5 55. e5 Ra4+ 56. Kg5 Rg4+ 57. Kxh5 Rf4 58. Rf6 
1-0

[Event "Arctic Chess Challenge 2009"]
[Site "Scandic Tromsø"]
[Date "2009.08.01"]
[Round "1"]
[White "Socko, Syzmon"]
[Black "Getz, Nicolai"]
[Result "0-1"]
[WhiteElo "1400"]
[BlackElo "2219"]
[PlyCount "82"]
[EventDate "2009.??.??"]

1. e4 e5 2. Nf3 Nc6 3. Bc4 Nf6 4. Nc3 Bc5 5. d3 d6 6. Bg5 h6 7. Bxf6 Qxf6 8.
Nd5 Qd8 9. O-O O-O 10. h3 a6 11. a4 Be6 12. c3 Ba7 13. d4 exd4 14. cxd4 Na5 15.
Rc1 Nxc4 16. Rxc4 c6 17. Ne7+ Qxe7 18. d5 Bd7 19. Re1 Qf6 20. e5 dxe5 21. Nxe5
Bxf2+ 22. Kh1 Bxe1 23. Qxe1 Rfe8 24. Re4 Bf5 25. Re3 cxd5 26. a5 d4 27. Re2 d3
28. Nxd3 Rxe2 29. Qxe2 Bxd3 30. Qxd3 Qxb2 31. Qf1 Rc8 32. Kh2 Qe5+ 33. Kh1 Qg3
34. Qd1 Re8 35. Qd2 Re1+ 36. Qxe1 Qxe1+ 37. Kh2 f5 38. h4 Qxh4+ 39. Kg1 Qe1+
40. Kh2 f4 41. Kh3 Qg3# 
0-1

[Event "Arctic Chess Challenge 2009"]
[Site "Scandic Tromsø"]
[Date "2009.08.01"]
[Round "1"]
[White "Hanssen, Gunnar Berg"]
[Black "Hansen, Knut Are"]
[Result "1-0"]
[WhiteElo "2215"]
[BlackElo "1227"]
[PlyCount "43"]
[EventDate "2009.??.??"]

1. c4 Nf6 2. Nf3 g6 3. d4 c5 4. g3 cxd4 5. Nxd4 Nc6 6. Nc3 Bg7 7. Bg2 O-O 8.
O-O Ne8 9. Bxc6 bxc6 10. Nxc6 Qc7 11. Nd5 Qb7 12. Ncxe7+ Kh8 13. Rb1 d6 14.
Nxc8 Rxc8 15. Qa4 Nf6 16. Nxf6 Bxf6 17. Bf4 Rfe8 18. Bxd6 Rxe2 19. Rfe1 Rxb2
20. Re8+ Rxe8 21. Qxe8+ Kg7 22. Qf8# 
1-0

[Event "Arctic Chess Challenge 2009"]
[Site "Scandic Tromsø"]
[Date "2009.08.01"]
[Round "1"]
[White "Bratbak, Anita"]
[Black "Fernandez, Daniel Howard"]
[Result "0-1"]
[WhiteElo "1226"]
[BlackElo "2200"]
[PlyCount "56"]
[EventDate "2009.??.??"]

1. c4 Nf6 2. g3 e6 3. Bg2 d5 4. Nf3 c6 5. O-O Bd6 6. b3 O-O 7. Nc3 Nbd7 8. d4
b6 9. Re1 Ba6 10. Nd2 e5 11. cxd5 exd4 12. Nce4 Nxe4 13. Nxe4 Bb4 14. Bd2 Bxd2
15. Nxd2 cxd5 16. Bxd5 Rc8 17. Bg2 d3 18. exd3 Nc5 19. d4 Qxd4 20. Ne4 Nd3 21.
Re3 f5 22. Ng5 Rfe8 23. Nf3 Qb2 24. Rxe8+ Rxe8 25. Bf1 Qxf2+ 26. Kh1 Bb7 27.
Bg2 Re1+ 28. Qxe1 Nxe1 
0-1

[Event "Arctic Chess Challenge 2009"]
[Site "Scandic Tromsø"]
[Date "2009.08.01"]
[Round "1"]
[White "Rølvåg, Mikael"]
[Black "Pedersen, Johnny Karl"]
[Result "1-0"]
[WhiteElo "2196"]
[BlackElo "1217"]
[PlyCount "79"]
[EventDate "2009.??.??"]

1. d4 e6 2. c4 b6 3. Nc3 Bb7 4. e3 Nf6 5. Nf3 a6 6. Bd3 c5 7. O-O Bd6 8. e4
cxd4 9. Nxd4 Be5 10. Nde2 Nc6 11. h3 O-O 12. f4 Bxc3 13. Nxc3 Nb4 14. Bb1 Qc7
15. a3 Qc5+ 16. Kh2 Qxc4 17. axb4 Qxb4 18. e5 Nd5 19. Nxd5 Bxd5 20. Qd3 g6 21.
Qa3 Qxa3 22. Rxa3 Rfc8 23. Be3 b5 24. b4 Rc4 25. Bc5 a5 26. Bd3 Rxc5 27. bxc5
b4 28. Raa1 b3 29. Rfb1 a4 30. Ra3 Ra5 31. Rb2 Kf8 32. Be2 Ke7 33. Bd1 Rxc5 34.
Rxa4 f6 35. exf6+ Kxf6 36. Rb4 Rc1 37. Bxb3 Bc6 38. Ba4 Bxa4 39. Rxa4 d5 40.
Re2 
1-0

[Event "Arctic Chess Challenge 2009"]
[Site "Scandic Tromsø"]
[Date "2009.08.01"]
[Round "1"]
[White "De Beer, Taniá Rista"]
[Black "Gabaldon Gomez, Miguel Angel"]
[Result "0-1"]
[WhiteElo "1203"]
[BlackElo "2186"]

1. e4 c5 2. Nc3 Nc6 3. Bb5 Nd4 4. f4 e6 5. Nf3 Nxb5 6. Nxb5 a6 7. Nc3 b5 8. O-O
Bb7 9. d3 Nf6 10. Qe1 Qb6 11. Be3 Ng4 12. Nd1 Nxe3 13. Nxe3 c4 14. Kh1 Bc5 15.
Ng4 cxd3 16. cxd3 Bd4 17. Nxd4 Qxd4 18. Qe2 Rc8 19. Rac1 O-O 20. Rc2 f5 21. Nf2
Rxc2 22. Qxc2 Rc8 23. Qe2 Qc5 24. h3 h6 25. Qh5 fxe4 26. Qxc5 Rxc5 27. dxe4 Rc2
28. b3 Rxa2 29. e5 Rb2 30. Nd3 Rxg2 
0-1

[Event "Arctic Chess Challenge 2009"]
[Site "Scandic Tromsø"]
[Date "2009.08.01"]
[Round "1"]
[White "Van Den Bersselaar, Jeroen"]
[Black "Jakobsen, Alf Gjøran"]
[Result "1-0"]
[WhiteElo "2184"]
[BlackElo "1131"]
[PlyCount "67"]
[EventDate "2009.??.??"]

1. d4 d5 2. c4 e6 3. Nf3 Nf6 4. g3 c5 5. cxd5 exd5 6. Bg2 Nc6 7. O-O h6 8. b3
Be6 9. Bb2 cxd4 10. Nxd4 Nxd4 11. Bxd4 Be7 12. Nc3 Qd7 13. Rc1 O-O 14. Bxf6
Bxf6 15. Nxd5 Bg5 16. Rc7 Qb5 17. Rxb7 Qa5 18. h4 Rfd8 19. e4 Bxd5 20. exd5 Bd2
21. Qf3 Rf8 22. d6 Bb4 23. Rd1 Rad8 24. d7 Bc5 25. Qd5 Qa3 26. Rc7 Bb6 27. Rc2
Kh8 28. Qf5 Qe7 29. a4 f6 30. a5 Bxa5 31. Qxa5 Rxd7 32. Rxd7 Qxd7 33. Rd2 Qe6
34. Rd8 
1-0

[Event "Arctic Chess Challenge 2009"]
[Site "Scandic Tromsø"]
[Date "2009.08.01"]
[Round "1"]
[White "Pienaar, Danielle"]
[Black "Ceballos Hornero, Daniel"]
[Result "0-1"]
[WhiteElo "1071"]
[BlackElo "2183"]

1. Nf3 Nf6 2. g3 b6 3. Bg2 Bb7 4. e3 e6 5. d4 Be7 6. O-O O-O 7. Re1 d6 8. c4
Nbd7 9. Nc3 Ne4 10. Qd3 Nxc3 11. Qxc3 Be4 12. Qd2 Qe8 13. d5 Nc5 14. Rd1 a5 15.
b4 axb4 16. Qxb4 Ra4 17. Qc3 Bxf3 18. Bb2 Bf6 19. Qc2 Bxd1 20. Rxd1 Rxa2 21.
Rb1 Rxb2 22. Rxb2 Bxb2 23. Qxb2 Qa4 24. Bf1 e5 25. Qb1 f5 26. Qe1 Qa3 27. Bg2
Qb2 28. Kh1 Ra8 29. h4 Ra1 30. Qxa1 Qxa1+ 31. Kh2 Qe1 32. f4 Qxe3 33. fxe5 dxe5
34. Bh3 Qf2+ 35. Bg2 Ne4 36. Kh1 Nxg3+ 37. Kh2 Nh5 38. Kh1 f4 39. Kh2 f3 40.
Kh1 Qxg2# 
0-1

[Event "Arctic Chess Challenge 2009"]
[Site "Scandic Tromsø"]
[Date "2009.08.01"]
[Round "1"]
[White "Gandrud, Vegar Koi"]
[Black "De Kock, Charl Gerdard"]
[Result "1-0"]
[WhiteElo "2169"]
[BlackElo "1050"]
[PlyCount "97"]
[EventDate "2009.??.??"]

1. d4 d5 2. c4 c6 3. Nf3 Nf6 4. g3 g6 5. Bg2 Bg7 6. O-O O-O 7. Nbd2 Bg4 8. h3
Bd7 9. b3 b6 10. Bb2 e6 11. Qc2 b5 12. Ne5 bxc4 13. bxc4 Re8 14. Rab1 Bc8 15.
Bc3 Nfd7 16. f4 Ba6 17. Nxd7 Nxd7 18. e3 Nb6 19. Ba5 Rb8 20. c5 Bxf1 21. Bxf1
Qd7 22. cxb6 axb6 23. Bxb6 Rb7 24. a4 Reb8 25. a5 Bf6 26. Ba6 Rxb6 27. Rxb6
Rxb6 28. axb6 Bd8 29. Qc5 e5 30. b7 Bc7 31. Qb4 Bb8 32. dxe5 Qxh3 33. Nf1 Qd7
34. Kg2 Qf5 35. Qe7 Qc2+ 36. Kg1 Ba7 37. b8=Q+ Bxb8 38. Qd8+ Kg7 39. Qxb8 Qa4
40. Qb6 c5 41. Bb7 Qd7 42. Bc6 Qe7 43. Bxd5 f6 44. exf6+ Qxf6 45. Qxc5 g5 46.
Qc7+ Kf8 47. fxg5 Qf5 48. Qd8+ Kg7 49. Qg8# 
1-0

[Event "Arctic Chess Challenge 2009"]
[Site "Scandic Tromsø"]
[Date "2009.08.01"]
[Round "1"]
[White "Nieuwoudt, Liné"]
[Black "Prakken, Gerrit"]
[Result "0-1"]
[WhiteElo "1024"]
[BlackElo "2168"]
[PlyCount "120"]
[EventDate "2009.??.??"]

1. e4 e5 2. Nf3 Nc6 3. Bb5 a6 4. Bxc6 dxc6 5. Nxe5 Qd4 6. Nd3 Qxe4+ 7. Qe2
Qxe2+ 8. Kxe2 Bd6 9. Re1 Be6 10. h3 O-O-O 11. Kf1 Bc4 12. Na3 Bxd3+ 13. cxd3
Bxa3 14. bxa3 Rxd3 15. Re2 Nf6 16. Bb2 Rhd8 17. Rd1 c5 18. Ke1 Nd5 19. Rc1 b6
20. g3 Nf6 21. Rc2 Kb7 22. a4 Kc6 23. Bc3 R3d5 24. a5 b5 25. Rc1 R8d7 26. Re3
R7d6 27. d4 c4 28. Rc2 Re6 29. Rxe6+ fxe6 30. Re2 Kd7 31. f4 Rh5 32. h4 Rd5 33.
Kf2 h5 34. Bb2 b4 35. Kf3 c3 36. Ba1 Rxd4 37. Re5 Rd1 38. Bxc3 bxc3 39. Rc5
Rd3+ 40. Ke2 Rxg3 41. Kd1 Kd6 42. Rc4 c5 43. Kc2 Nd5 44. Kb3 Rg2 45. a3 Rb2+
46. Ka4 Rf2 47. Kb3 Rxf4 48. Rxf4 Nxf4 49. Kxc3 Kd5 50. Kd2 Kd4 51. Kc2 e5 52.
a4 e4 53. Kd1 e3 54. Ke1 Kd3 55. Kf1 Kd2 56. Kg1 e2 57. Kh2 Ke3 58. Kg3 e1=Q+
59. Kh2 Qf2+ 60. Kh1 Qg2# 
0-1

[Event "Arctic Chess Challenge 2009"]
[Site "Scandic Tromsø"]
[Date "2009.08.01"]
[Round "1"]
[White "Tjølsen, Katrine"]
[Black "Steinskog, Tom"]
[Result "1-0"]
[WhiteElo "2160"]
[BlackElo "1013"]

1. Nf3 d5 2. d4 Nf6 3. c4 c6 4. Nc3 e6 5. Bg5 Nbd7 6. e3 Be7 7. Qc2 O-O 8. Rd1
Qc7 9. a3 Re8 10. Bd3 dxc4 11. Bxc4 b5 12. Bd3 Bb7 13. Nxb5 Qb6 14. Nc3 c5 15.
dxc5 Nxc5 16. Be2 Rac8 17. Qb1 Nce4 18. Bxf6 Nxf6 19. O-O Nd5 20. Nxd5 Bxd5 21.
Nd4 Bf6 22. b4 a6 23. a4 Bc4 24. Rfe1 Bxe2 25. a5 Qb7 26. Rxe2 Rc4 27. Nc2 Rd8
28. Red2 Rxd2 29. Rxd2 h6 30. Qd1 Rc7 31. h3 Kh7 32. Qe2 Bc3 33. Rd3 Qb5 34.
Qd1 Bxb4 35. Rb3 Qa4 36. Nxb4 Rc3 37. Qb1+ 
1-0

[Event "Arctic Chess Challenge 2009"]
[Site "Scandic Tromsø"]
[Date "2009.08.01"]
[Round "1"]
[White "Porrasmaa, Timo"]
[Black "Skagseth, Håvard M"]
[Result "1-0"]
[WhiteElo "2146"]
[BlackElo "950"]
[PlyCount "51"]
[EventDate "2009.??.??"]

1. Nf3 d5 2. d4 e6 3. e3 c5 4. b3 Nf6 5. Bd3 Bd7 6. O-O Nc6 7. Bb2 Rc8 8. a3
Qc7 9. Ne5 Bd6 10. f4 a6 11. Nd2 b5 12. Nxd7 Qxd7 13. dxc5 Bxc5 14. Qe2 Qa7 15.
Rae1 Rc7 16. Kh1 b4 17. a4 a5 18. Qf3 Ke7 19. Qg3 d4 20. Ne4 Rcc8 21. f5 e5 22.
Nxc5 Qxc5 23. exd4 Qd5 24. dxe5 Ne8 25. f6+ Kf8 26. Bc4 
1-0

[Event "Arctic Chess Challenge 2009"]
[Site "Scandic Tromsø"]
[Date "2009.08.01"]
[Round "1"]
[White "Fernandez, Michael"]
[Black "Arvola, Benjamin"]
[Result "0-1"]
[WhiteElo "800"]
[BlackElo "2144"]
[PlyCount "100"]
[EventDate "2009.??.??"]

1. e4 c5 2. Nf3 d6 3. d4 cxd4 4. Nxd4 Nf6 5. Nc3 a6 6. Bc4 e6 7. Bb3 Nbd7 8.
O-O Nc5 9. Qe2 Be7 10. Re1 O-O 11. Bd2 Qc7 12. Rad1 b5 13. a3 Bb7 14. f3 Rac8
15. Ba2 Rfd8 16. Qf2 h6 17. b4 Ncd7 18. Bxe6 fxe6 19. Nxe6 Qc4 20. Nxd8 Bxd8
21. Kh1 Ne5 22. Qe2 Kf7 23. Qxc4+ Nxc4 24. Nb1 Nd7 25. Bf4 Ke6 26. Rd3 Nde5 27.
Bxe5 Nxe5 28. Rc3 Nc4 29. Rd1 Bf6 30. Rb3 Nb2 31. Rd2 Nc4 32. Rdd3 Ne5 33. Rdc3
Nc6 34. Rd3 a5 35. bxa5 Ba6 36. c3 Nxa5 37. Rb2 b4 38. axb4 Bxd3 39. bxa5 Ra8
40. Kg1 Rxa5 41. Kf2 Ra1 42. Nd2 Rc1 43. Kg3 Rxc3 44. Kh3 Ba6 45. Rb6 Bc8 46.
Nf1 Be5 47. Kh4 Rc1 48. Ng3 g6 49. Kg4 Ke7+ 50. Kh4 Bf6# 
0-1

[Event "Arctic Chess Challenge 2009"]
[Site "Scandic Tromsø"]
[Date "2009.08.01"]
[Round "1"]
[White "Pettersson, Tobias"]
[Black "Figaro, Dericka"]
[Result "1-0"]
[WhiteElo "2138"]
[BlackElo "800"]
[PlyCount "55"]
[EventDate "2009.??.??"]

1. Nf3 d5 2. g3 Nf6 3. Bg2 Bf5 4. O-O Nc6 5. c4 e6 6. b3 Be7 7. Bb2 O-O 8. cxd5
Nxd5 9. a3 Qd6 10. Re1 Nf6 11. Nc3 a6 12. Rc1 Rfd8 13. h3 Nd4 14. e4 Nxf3+ 15.
Qxf3 Qxd2 16. Re2 Qd7 17. exf5 c6 18. fxe6 fxe6 19. Rce1 Rf8 20. Qe3 e5 21. Na4
Rad8 22. Qxe5 Rf7 23. Nc5 Bxc5 24. Qxc5 h6 25. Kh2 Ne8 26. Be4 Nd6 27. Bg6 Rff8
28. Re7 
1-0

[Event "Arctic Chess Challenge 2009"]
[Site "Scandic Tromsø"]
[Date "2009.08.01"]
[Round "1"]
[White "Leso, Gorata"]
[Black "Hagen, Anders G"]
[Result "0-1"]
[WhiteElo "800"]
[BlackElo "2132"]
[PlyCount "76"]
[EventDate "2009.??.??"]

1. e4 c5 2. Nf3 Nc6 3. Nc3 d6 4. Bb5 Bd7 5. d3 g6 6. O-O Bg7 7. Re1 e5 8. Bxc6
Bxc6 9. Ng5 h6 10. Nh3 Bd7 11. Qf3 Ne7 12. Kh1 O-O 13. Nd5 Nxd5 14. exd5 Qb6
15. b3 e4 16. dxe4 Bxa1 17. Bxh6 Bg7 18. Bxg7 Kxg7 19. Qc3+ f6 20. Nf4 Qb4 21.
Qxb4 cxb4 22. Rc1 Rac8 23. a3 bxa3 24. c4 b5 25. Nd3 bxc4 26. bxc4 Bb5 27. Ra1
Rxc4 28. h4 Rxe4 29. Rxa3 Bxd3 30. Rxd3 a5 31. Ra3 a4 32. g4 Rb8 33. f3 Re2 34.
Ra1 a3 35. Kg1 a2 36. Kf1 Rc2 37. Ke1 Rb1+ 38. Rxb1 axb1=Q# 
0-1

[Event "Arctic Chess Challenge 2009"]
[Site "Scandic Tromsø"]
[Date "2009.08.01"]
[Round "1"]
[White "Tofte, Sondre Waage"]
[Black "Asiema, Isabella"]
[Result "1-0"]
[WhiteElo "2119"]
[BlackElo "800"]
[PlyCount "47"]
[EventDate "2009.??.??"]

1. e4 e5 2. Nf3 Nc6 3. Bb5 d6 4. d4 Bd7 5. Nc3 Nf6 6. O-O Be7 7. d5 Nb8 8. Bc4
O-O 9. Be3 c6 10. Nd2 Qc7 11. f4 Bg4 12. Qe1 Nbd7 13. f5 b5 14. dxc6 bxc4 15.
cxd7 Qxd7 16. h3 Bh5 17. g4 Bxg4 18. hxg4 Nxg4 19. Nxc4 Qd8 20. Qg3 h5 21. Nd5
Bg5 22. Bxg5 Qxg5 23. Nce3 h4 24. Qxg4 
1-0

[Event "Arctic Chess Challenge 2009"]
[Site "Scandic Tromsø"]
[Date "2009.08.01"]
[Round "1"]
[White "Greeff, Melissa"]
[Black "Haarr, Jon Kristian"]
[Result "0-1"]
[WhiteElo "800"]
[BlackElo "2110"]
[PlyCount "118"]
[EventDate "2009.??.??"]

1. e4 c6 2. d4 d5 3. e5 Bf5 4. Nc3 e6 5. g4 Bg6 6. Nge2 c5 7. h4 h5 8. Nf4 Bh7
9. Nxh5 cxd4 10. Nb5 Nc6 11. Nxd4 Nxe5 12. f4 Nc6 13. Bb5 Rc8 14. c3 Be4 15.
Rh2 g6 16. Ng3 Rxh4 17. Qe2 Bg7 18. Be3 e5 19. Nxc6 bxc6 20. Ba6 Bf3 21. Qf2
Rxh2 22. Qxh2 d4 23. Bd2 Rb8 24. cxd4 exf4 25. Bxf4 Rb6 26. Qf2 Bxg4 27. Bc4
Bxd4 28. Be3 Bf6 29. Bxb6 axb6 30. Qf4 Qd4 31. Qxd4 Bxd4 32. Rb1 b5 33. Be2 Be6
34. b3 f5 35. Bf3 Ne7 36. a4 Nd5 37. Rd1 Bc3+ 38. Kf2 Ne7 39. Ne2 Ba5 40. Kg2
Bxb3 41. Rc1 bxa4 42. Nd4 c5 43. Rxc5 Bb6 44. Nxb3 Bxc5 45. Nxc5 a3 46. Kf2 Kf7
47. Ke3 g5 48. Be2 Kf6 49. Bc4 g4 50. Ne6 Ng6 51. Nd4 f4+ 52. Kf2 g3+ 53. Kg2
Nh4+ 54. Kg1 f3 55. Nc2 Nf5 56. Bd5 f2+ 57. Kf1 Ke5 58. Bg2 a2 59. Ke2 Nd4+ 
0-1